A book of prefaces /

Bibliographic Details
Main Author: Mencken, H. L. (Henry Louis), 1880-1956
Format: Book
Language:English
Published: Garden City, New York : Garden City Publishing Co., 1927.
Subjects:

MARC

Tag First Indicator Second Indicator Subfields
LEADER 00000cam a2200000 4500
001 in00000022163
005 20151007063904.0
008 750829r1927 nyu 00010 eng
010 |a  23006321  
035 |a (OCoLC)01581830 
035 |9 AAD8509AM 
040 |a DLC  |c FBA  |d OCL  |d TXA  |d UtOrBLW 
049 |a TXAM  |c [138791] 
050 0 0 |a PS121  |b .M4 1922 
092 |a 814  |b M536bp 
100 1 |a Mencken, H. L.  |q (Henry Louis),  |d 1880-1956. 
245 1 2 |a A book of prefaces /  |c by H. L. Mencken. 
264 1 |a Garden City, New York :  |b Garden City Publishing Co.,  |c 1927. 
300 |a 288 pages ;  |c 20 cm. 
336 |a text  |b txt  |2 rdacontent 
337 |a unmediated  |b n  |2 rdamedia 
338 |a volume  |b nc  |2 rdacarrier 
500 |a "Published September, 1917" ... 
505 0 |a Joseph Conrad.--Theodore Dreiser.--James Huneker.--Puritanism as a literary force. 
600 1 0 |a Conrad, Joseph,  |d 1857-1924. 
600 1 0 |a Dreiser, Theodore,  |d 1871-1945. 
600 1 0 |a Huneker, James,  |d 1857-1921. 
650 0 |a American literature. 
740 0 |a Puritanism as a literary force. 
999 |a MARS 
999 f f |s b0e59f7d-9b04-3794-8492-5d18700d4887  |i bf1accf9-f2ee-3616-a959-7cf50be56876  |t 0 
952 f f |p ric  |a Texas A&M University  |b Rellis Campus  |c Joint Library Facility  |d Remote Storage  |t 0  |e PS121 .M4 1922  |h Library of Congress classification  |i unmediated -- volume  |m A14801258718 
998 f f |a PS121 .M4 1922  |t 0  |l Remote Storage